| 000 | 00949cab a2200193 4500 | ||
|---|---|---|---|
| 001 | ABS43057 | ||
| 008 | 090401t1990 xxu||||| |||| 00| 0 eng d | ||
| 035 | _a(Sirsi) u40223 | ||
| 041 | _aeng | ||
| 100 | _aMorris, H. | ||
| 245 | _a1992: year of change | ||
| 260 | _c1990 | ||
| 350 | _a0 | ||
| 490 |
_aSurveyor _v174 (5103) 12 July 1990, 14-17 (4) |
||
| 520 | _aLooks at the influence EC directives will have on local government activities in the UK after 1992. These fall into five main categories: enforcement ensuring compliance with EC rules; public procurement ; public services concerning procedures for contracts above the threshold of £132.000; supplies protecting European interests favouring European over non-european contractors; EC Social Charter and the public works. The aim is to make tendering more competitive and ensure standards throughout the EC. | ||
| 690 | _aEUROPE-SINGLE MARKET | ||
| 942 | _n0 | ||
| 948 | _c04/03/1997 | ||
| 999 |
_c25769 _d25769 |
||